Aymara : (Record no. 23500)

000 -CABECERA
fixed length control field 02013nam a22004217a 4500
003 - IDENTIFICADOR DEL NÚMERO DE CONTROL
control field AR-CdUCM
008 - DATOS DE LONGITUD FIJA--INFORMACIÓN GENERAL
fixed length control field 260126b2024 pe ||||| |||| 00| 0 spa d
020 ## - NÚMERO INTERNACIONAL ESTÁNDAR DEL LIBRO
ISBN 978-612-47551-3-2
040 ## - FUENTE DE LA CATALOGACIÓN
Agencia/entidad que catalogó originalmente la obra MUNICIPALIDAD PROVINCIAL DEL CUSCO
Entidad que transcribió la catalogación BIBLIOTECA MUNICIPAL DEL CUSCO
082 ## - NÚMERO DE LA CLASIFICACIÓN DECIMAL DEWEY
No. de Clasificación 980.5 /
Notacion interna V66
100 ## - ENTRADA PRINCIPAL--NOMBRE DE PERSONA
Nombre Personal Villarroel Salgueiro, Gloria
245 ## - MENCIÓN DE TÍTULO
Título Aymara :
Resto del título Conocimientos, Saberes, Prácticas y Rituales Agropecuarios y Alimentarios /
260 ## - PUBLICACIÓN, DISTRIBUCIÓN, ETC.
Lugar de publicación, distribución, etc. Cusco :
Nombre de la editorial, distribuidor, etc. Centro Regional para la Salvaguardia del Patrimonio Cultural Inmaterial de América Latina-CRESPIAL,
Fecha de publicación, distribución, etc. 2024.
300 ## - DESCRIPCIÓN FÍSICA
Nº de Páginas Extensión 319 páginas. :
Otros detalles físicos ilustraciones,
Dimensiones 16 x 20cm.
500 ## - NOTA GENERAL
Bibliografía páginas 312 - 317
505 ## - NOTA DE CONTENIDO CON FORMATO
Nota de contenido formateada contiene: El Centro Regional para la Salvaguardia del Patrimonio Cultural Inmaterial de América Latina -- Comunidades Aymara de Bolivia, Chile y Perú -- Conocimientos -- Saberes -- Prácticas -- Rituales Agropecuarios -- Alimentarios -- Tunka layrani y ch'isiwaymama -- Variedades del cultivo de papa y quinua -- Patrimonio cultural de los pueblos originarios del sur andino -- Lumasanakaxasuma qamañataki. Señales para el buen vivir - Perú....
650 ## - PUNTO DE ACCESO ADICIONAL DE MATERIA--TÉRMINO DE MATERIA
Descriptor Bolivia - Chile - Perú
9 (RLIN) 52240
650 ## - PUNTO DE ACCESO ADICIONAL DE MATERIA--TÉRMINO DE MATERIA
Descriptor La consagración
9 (RLIN) 52241
650 ## - PUNTO DE ACCESO ADICIONAL DE MATERIA--TÉRMINO DE MATERIA
Descriptor Vestimenta
9 (RLIN) 20753
650 ## - PUNTO DE ACCESO ADICIONAL DE MATERIA--TÉRMINO DE MATERIA
Descriptor Rituales del calendario
9 (RLIN) 52242
650 ## - PUNTO DE ACCESO ADICIONAL DE MATERIA--TÉRMINO DE MATERIA
Descriptor Mito de Tunupa
9 (RLIN) 52243
650 ## - PUNTO DE ACCESO ADICIONAL DE MATERIA--TÉRMINO DE MATERIA
Descriptor Historia del cultivo
9 (RLIN) 52244
650 ## - PUNTO DE ACCESO ADICIONAL DE MATERIA--TÉRMINO DE MATERIA
Descriptor Problemática del control
9 (RLIN) 52245
650 ## - PUNTO DE ACCESO ADICIONAL DE MATERIA--TÉRMINO DE MATERIA
Descriptor Mensajes de la naturaleza
9 (RLIN) 52246
650 ## - PUNTO DE ACCESO ADICIONAL DE MATERIA--TÉRMINO DE MATERIA
Descriptor La madre tierra
9 (RLIN) 52247
650 ## - PUNTO DE ACCESO ADICIONAL DE MATERIA--TÉRMINO DE MATERIA
Descriptor Producción agrícola
9 (RLIN) 14763
650 ## - PUNTO DE ACCESO ADICIONAL DE MATERIA--TÉRMINO DE MATERIA
Descriptor Tiempos de cosecha
9 (RLIN) 52248
650 ## - PUNTO DE ACCESO ADICIONAL DE MATERIA--TÉRMINO DE MATERIA
Descriptor Señales de la agricultura
9 (RLIN) 52249
650 ## - PUNTO DE ACCESO ADICIONAL DE MATERIA--TÉRMINO DE MATERIA
Descriptor Los abuelos, transmisores de conocimientos
9 (RLIN) 52250
650 ## - PUNTO DE ACCESO ADICIONAL DE MATERIA--TÉRMINO DE MATERIA
Descriptor Conclusiones
9 (RLIN) 52251
700 ## - PUNTO DE ACCESO ADICIONAL--NOMBRE DE PERSONA
Nombre Personal Gavilán Vega, Vivian
9 (RLIN) 52252
700 ## - PUNTO DE ACCESO ADICIONAL--NOMBRE DE PERSONA
Nombre Personal Apaza Añamuro, Rubén Darío
9 (RLIN) 52253
700 ## - PUNTO DE ACCESO ADICIONAL--NOMBRE DE PERSONA
Nombre Personal Roel Mendizábal, Pedro
9 (RLIN) 48327
856 ## - LOCALIZACIÓN Y ACCESO ELECTRÓNICOS
Dirección electrónica www.crespial.org
942 ## - ELEMENTOS DE PUNTO DE ACCESO ADICIONAL (KOHA)
Fuente de clasificación
Tipo de item Libros-BMC
945 ## - PROCESAMIENTO DE INFORMACIÓN LOCAL (OCLC)
Catalogador jmcs
AAAA-MM-DD - Fecha de ingreso o modificacion 26/01/2026

No items available.

Powered by Koha